000 00681nam a2200205Ia 4500
003 GCL
008 140319s9999 xx 000 0 ara d
040 _aGCL /
_cGCL
082 0 4 _a305.8927082
_bا ع
100 1 _aعبدالواحد اكمير
245 1 0 _aالعرب فى الارجنتين :
_bالنشوء والتطور /
_cعبدالواحد اكمير
250 _aالاولى
260 _aبيروت :
_bمركز دراسات الوحدة العربية ،
_c1999
300 _a295 ص ؛
_c24 سم
650 0 4 _aالعالم العربى
650 0 4 _aالهجرة
650 0 4 _aالهجرة الخارجية
650 0 4 _aالارجنتين
942 _2ddc
_cBK
999 _c6868
_d6868